100 Alliterative Movies Quiz Stats

 Plays Quiz not verified by Sporcle

Score 0/100 Timer 20:00
0 Plays Today
% Correct
Wonder Woman
99.3%
Dirty Dancing
99.3%
King Kong
99.3%
Peter Pan
99.3%
Freaky Friday
96.6%
Fantastic Four
95.2%
Mamma Mia!
94.5%
Wayne's World
91.7%
Gone Girl
90.3%
Tropic Thunder
90.3%
La La Land
90.3%
Magic Mike
89%
Richie Rich
85.5%
Donnie Darko
84.8%
Brother Bear
84.1%
Liar Liar
84.1%
Pitch Perfect
81.4%
Batman Begins
80.7%
Mad Max
80.7%
Bad Boys
80%
Suicide Squad
80%
What Women Want
75.9%
Coach Carter
75.9%
Wild Wild West
75.9%
Seven Samurai
74.5%
Victor Victoria
74.5%
Black Beauty
73.8%
Ella Enchanted
71%
Rob Roy
65.5%
Vegas Vacation
64.8%
Due Date
64.8%
Revolutionary Road
64.8%
Bubble Boy
62.1%
Fast Five
60.7%
% Correct
Doctor Dolittle
60.7%
Finding Forrester
60.7%
Bye Bye Birdie
60%
Slap Shot
56.6%
Mr. Mom
55.2%
Draft Day
53.8%
Small Soldiers
53.8%
Eagle Eye
53.1%
Hollywood Homicide
52.4%
Air America
52.4%
Hudson Hawk
51.7%
Logan Lucky
49%
Matchstick Men
44.1%
Rat Race
43.4%
Soul Surfer
40%
Baby Boom
39.3%
Funny Face
39.3%
Anchors Aweigh
38.6%
Gridiron Gang
36.6%
Silver Streak
35.9%
Angela's Ashes
34.5%
Beach Blanket Bingo
33.8%
Sing Street
33.1%
Mirror Mirror
32.4%
Picture Perfect
31%
Beautiful Boy
28.3%
Fist Fight
28.3%
Marathon Man
27.6%
New Nightmare
26.2%
Corrina, Corrina
25.5%
Martha Marcy May Marlene
24.8%
Saving Silverman
24.8%
Gerald's Game
24.8%
American Assassin
24.1%
% Correct
Win Win
23.4%
Mad Money
22.8%
Knock Knock
22.1%
Three to Tango
21.4%
Red River
21.4%
Runner Runner
20%
Shanghai Surprise
20%
Author! Author!
19.3%
Nicholas Nickleby
17.9%
Make Mine Music
16.6%
Mary Magdalene
16.6%
Seventh Son
14.5%
Hamburger Hill
14.5%
Free Fire
13.1%
Femme Fatale
12.4%
American Animals
12.4%
Jesse James
11.7%
Carbon Copy
11.7%
Domestic Disturbance
11%
Scared Stiff
10.3%
Hardcore Henry
10.3%
About Adam
9%
Love's Labour's Lost
9%
Black Book
9%
Breaker! Breaker!
7.6%
Devil's Due
7.6%
The Time Travelers
6.9%
Captains Courageous
6.9%
Hungry Hearts
6.2%
America America
6.2%
Janie Jones
4.8%
Unexpected Uncle
3.4%

You're not logged in!

Compare scores with friends on all Sporcle quizzes.
OR
Log In

Sporcle TV

Today on Sporcle TV


Watch our educational content, quiz creation guides, and fun videos on Sporcle TV.

Show Comments

Extras

Top Quizzes Today


Score Distribution

Your Account Isn't Verified!

In order to create a playlist on Sporcle, you need to verify the email address you used during registration. Go to your Sporcle Settings to finish the process.

Report this User

Report this user for behavior that violates our Community Guidelines.

Details: